| 000 | 00635nam a2200205 u 4500 | ||
|---|---|---|---|
| 005 | 20240702063755.0 | ||
| 008 | 130531s2008 r 000 0 eng d | ||
| 020 | _a9789689074229 | ||
| 035 | _aUPN01000191462 | ||
| 049 | _aCG | ||
| 050 | 4 |
_aBT736.15 _bS6.2 |
|
| 100 | 1 |
_aSols Lucia, José _933956 |
|
| 245 | 1 | 0 |
_aAtrapados en la violencia : _b¿hay salida? / _cJosé Sols Lucia. |
| 260 |
_aMéxico : _bInstituto Mexicano de Doctrina Social Cristiana, _c2008. |
||
| 300 | _a111 p. | ||
| 650 | 4 |
_aVIOLENCIA - _xASPECTOS MORALES Y ETICOS _922195 |
|
| 650 | 0 |
_aIglesia y problemas sociales _920354 |
|
| 905 | _aLibro | ||
| 999 |
_c163565 _d163565 |
||